000 01355nam a22002537a 4500
999 _c62904
_d62904
003 Ge_BSU
005 20250320130218.0
008 250318s2001 ge ||||| |||| 00| 0 geo d
041 _ageo
080 _a616-053.2(075.8) პ-25
100 _aბერიძე, ქ.
_924600
245 _aპედიატრია :
_b[სახელმძღვ. სამედ. უნ-ტისა და ინ-ტების სპეც. სტუდ.] /
_cავტ. ჯგუფი: ქ. ბერიძე, თ. გერაძე, ბ. გოგობერიშვილი [და სხვ.] ; ლ. ქერქაძის რედ.
264 _a[თბ.] :
_bმედეა,
_c2001.
300 _a336 გვ. :
_b სურ. ;
_c22 სმ.
653 _aპედიატრია
653 _aმედიცინა
700 _aგერაძე, თ.
_eავტორი
_924601
700 _aგოგობერიშვილი, ბ.
_eავტორი
_924603
700 _aდაფქვიაშვილი, ნ.
_eავტორი
_924604
700 _aდიდებულიძე, დ.
_eავტორი
_914778
700 _aდუმბაძე, დ. და სხვ.
_eავტორი
_924605
700 _aქერქაძე, ლ.
_eრედაქტორი
_924602
942 _2udc
_cᲬᲘᲒᲜᲘ